00606pab a2200157 454500008004000000100001600040245018100056260000900237300001400246362000800260650001400268773003100282909001100313999001900324952010500343180718b2014 xxu||||| |||| 00| 0 eng d aLuzak, J.A. aTo withdraw or not to withdraw? Evaluation of the mandatory right of withdrawal in consumer distance selling contracts taking into accounts its behavioural effects on consumers c2014 ap.91-111. aMar aConsumers aJournal of Consumer Policy a107371 c107366d107366 00104070aIIPAbIIPAd2018-07-19hVolume no: 37, Issue no: 1pAR107831r2018-07-19w2018-07-19yAR